Man on the Kafue (Record no. 82359)

MARC details
000 -LEADER
fixed length control field 00711nam a2200169 a 4500
008 - FIXED-LENGTH DATA ELEMENTS--GENERAL INFORMATION
fixed length control field 120416s1985 ||||||||||||||||| || u
020 ## - INTERNATIONAL STANDARD BOOK NUMBER
International Standard Book Number 0905788222
050 ## - LIBRARY OF CONGRESS CALL NUMBER
Classification number DT 8781 Der
100 ## - MAIN ENTRY--PERSONAL NAME
Personal name Derricourt, Robin
245 10 - TITLE STATEMENT
Title Man on the Kafue
246 ## -
-- the archaelogicy and history of the Itezhitezhi area of Zambia
260 ## - PUBLICATION, DISTRIBUTION, ETC.
Place of publication, distribution, etc. London
Name of publisher, distributor, etc. Ethnographica
Date of publication, distribution, etc. 1985
300 ## - PHYSICAL DESCRIPTION
Extent xvi, 252p. : ill.
350 ## -
-- 0.00
995 ## -
-- SPECIAL COLLECTIONS
-- 0.00
-- 018649
-- CBU-MAIN LIBRARY (Kitwe)
-- 1
-- 87.65
-- ZAM DT 8781 Der
-- AVAILABLE
-- 018649
-- Zambiana Collection
995 ## -
-- MAIN LIBRARY OPEN ACCESS
-- 0.00
-- 001675
-- CBU-MAIN LIBRARY (Kitwe)
-- 2
-- 87.65
-- DT 8781 Der
-- AVAILABLE
-- 001675
-- Main Library Open Access Collection
999 ## -
-- 82359
-- 82359
Holdings
Withdrawn status Lost status Source of classification or shelving scheme Damaged status Not for loan Permanent Location Current Location Shelving location Date acquired Total Checkouts Full call number Barcode Date last seen Copy number Price effective from Koha item type
          CBU-MAIN LIBRARY, KITWE. CBU-MAIN LIBRARY, KITWE.   09/27/2023   DT 8781 Der 018649 09/27/2023 1 09/27/2023 SPECIAL COLLECTION
          CBU-MAIN LIBRARY, KITWE. CBU-MAIN LIBRARY, KITWE.   09/27/2023   DT 8781 Der 001675 09/27/2023 2 09/27/2023 MONOGRAPH